000 00875nam a22002297a 4500
001 6174
003 FISKH
005 20250324122718.0
008 250324b cb ||||| |||| 00| 0 eng d
020 _a9780198393092
040 _aFISKH
_beng
_cFISKH
_dFISKH
050 _aPZ7
082 _a900
100 _aBurrell, Gillian
245 _aGeog.2 teacher's handbook : 4th edtion /
_cBy Gillian Burrell
250 _aFirst published 2001
260 _aOxford :
_bOxford University Press ;
_c2015.
300 _a170 pages :
_billustrations ;
_c30 cm .
520 _aA new edition of 'geog.2' teacher's handbook, providing vital and outstanding support for teachers using the 'geog.2' student book, this text has been revised and updated to deliver the new programme of study for geography at key stage 3 (for teaching from 2014).
942 _2ddc
_cBK
_n0
999 _c6174
_d6174